[Event "Iasi op"]
[Site "Iasi"]
[Date "2014.05.13"]
[Round "4"]
[White "Mirosnicencu, Mihai Viorel"]
[Black "Arghirescu, Marius"]
[Result "1/2-1/2"]
[WhiteElo "1455"]
[BlackElo "1844"]
[PlyCount "26"]
[EventDate "2014.05.10"]
[EventType "swiss"]
[EventRounds "9"]
[EventCountry "ROU"]
[SourceTitle "CBM 160 Extra"]
[Source "ChessBase"]
[SourceDate "2014.07.01"]
[SourceVersion "1"]
[SourceVersionDate "2014.07.01"]
[SourceQuality "1"]

1. d4 Nf6 2. c4 c5 3. e3 g6 4. Nf3 Bg7 5. Nc3 0-0 6. Be2 d6 7. 0-0 a6 8. Qc2 Nc6 9. a3 Bf5 10. Bd3 Bg4 11. dxc5 Bxf3 12. gxf3 Ne5 13. Be4 dxc5 1/2-1/2

[Event "ROM-ch U14"]
[Site "Calimanesti"]
[Date "2014.04.09"]
[Round "5"]
[White "Ungureanu, Claudiu Constantin"]
[Black "Mirosnicencu, Mihai Viorel"]
[Result "1/2-1/2"]
[WhiteElo "1585"]
[BlackElo "1452"]
[PlyCount "34"]
[EventDate "2014.04.06"]
[EventType "swiss"]
[EventRounds "9"]
[EventCountry "ROU"]
[SourceTitle "CBM 160 Extra"]
[Source "ChessBase"]
[SourceDate "2014.07.01"]
[SourceVersion "1"]
[SourceVersionDate "2014.07.01"]
[SourceQuality "1"]

1. d4 d5 2. e4 e6 3. Nc3 Nf6 4. Bd3 Be7 5. e5 Nfd7 6. Nf3 c5 7. Be3 b6 8. 0-0 0-0 9. Qd2 cxd4 10. Bxd4 Bc5 11. Rfe1 Bxd4 12. Nxd4 Nc5 13. Ncb5 Bd7 14. Nd6 Nc6 15. c3 Nxd3 16. Qxd3 Ne7 17. Re3 Ng6 1/2-1/2

[Event "ROM-ch U14"]
[Site "Calimanesti"]
[Date "2014.04.07"]
[Round "2"]
[White "Mirosnicencu, Mihai Viorel"]
[Black "Tita, Dumitru Tudor"]
[Result "1-0"]
[WhiteElo "1452"]
[BlackElo "1052"]
[PlyCount "45"]
[EventDate "2014.04.06"]
[EventType "swiss"]
[EventRounds "9"]
[EventCountry "ROU"]
[SourceTitle "CBM 160 Extra"]
[Source "ChessBase"]
[SourceDate "2014.07.01"]
[SourceVersion "1"]
[SourceVersionDate "2014.07.01"]
[SourceQuality "1"]

1. d4 d5 2. c4 e6 3. Nc3 Nf6 4. Bg5 Nbd7 5. e3 Be7 6. Nf3 h6 7. Bh4 Ne4 8. Bxe7 Qxe7 9. Qc2 Ndf6 10. Bd3 Nxc3 11. Qxc3 0-0 12. 0-0 b6 13. cxd5 exd5 14. Rac1 Ne8 15. Qc6 Rb8 16. Qxd5 Nf6 17. Qc4 Rb7 18. h3 Be6 19. Qc2 Bd5 20. Ne5 Ne4 21. Bxe4 Bxe4 22. Qxe4 f6 23. Qxb7 1-0

[Event "World Amateur-ch"]
[Site "Iasi"]
[Date "2013.04.29"]
[Round "8"]
[White "Mirosnicencu, Mihai Viorel"]
[Black "Ossa Ramirez, Jesus Antonio"]
[Result "1-0"]
[WhiteElo "1391"]
[BlackElo "1778"]
[PlyCount "25"]
[EventDate "2013.04.22"]
[EventType "swiss"]
[EventRounds "9"]
[EventCountry "ROU"]
[SourceTitle "CBM 154 Extra"]
[Source "ChessBase"]
[SourceDate "2013.06.25"]
[SourceVersion "2"]
[SourceVersionDate "2013.06.25"]
[SourceQuality "1"]

1. d4 d5 2. c4 c6 3. Nc3 e6 4. Nf3 Be7 5. h3 Nf6 6. Bg5 Nbd7 7. e3 0-0 8. Be2 Bb4 9. Qc2 h6 10. Bh4 Qa5 11. 0-0 Bxc3 12. Qxc3 Ne4 13. Qxa5 1-0

[Event "World Amateur-ch"]
[Site "Iasi"]
[Date "2013.04.24"]
[Round "3"]
[White "Mirosnicencu, Mihai Viorel"]
[Black "Martinez Paipa, Hernan"]
[Result "0-1"]
[WhiteElo "1391"]
[BlackElo "1944"]
[PlyCount "76"]
[EventDate "2013.04.22"]
[EventType "swiss"]
[EventRounds "9"]
[EventCountry "ROU"]
[SourceTitle "CBM 154 Extra"]
[Source "ChessBase"]
[SourceDate "2013.06.25"]
[SourceVersion "2"]
[SourceVersionDate "2013.06.25"]
[SourceQuality "1"]

1. d4 c5 2. Nf3 Nf6 3. e3 e6 4. c4 cxd4 5. exd4 d5 6. Nc3 Nc6 7. Bg5 Be7 8. Be2 0-0 9. 0-0 dxc4 10. Bxc4 b6 11. Bb5 Bb7 12. Be2 h6 13. Bh4 Rc8 14. Rc1 Nb4 15. a3 Nbd5 16. Nxd5 Qxd5 17. Qd3 Rfd8 18. Rxc8 Rxc8 19. Rd1 Qd8 20. h3 Bc6 21. Qe3 Bb7 22. Bg3 Rc2 23. Rd2 Rc1+ 24. Rd1 Rc2 25. Rd2 Qc8 26. Qd3 Rc1+ 27. Rd1 Be4 28. Qe3 Rxd1+ 29. Bxd1 Qc4 30. Qc3 Qxc3 31. bxc3 Bxa3 32. Bb8 a6 33. Be2 Bb7 34. Bc7 Nd5 35. Bd8 Nxc3 36. Bd3 b5 37. Ne5 Bb2 38. Nd7 Na4 0-1